| 000 | 01423pam a2200349 a 4500 | ||
|---|---|---|---|
| 001 | 3013107 | ||
| 003 | OSt | ||
| 005 | 20140310182037.0 | ||
| 008 | 940215s1994 gauab b 000 0 eng | ||
| 010 | _a 94004737 | ||
| 020 | _a1880837927 (alk. paper) | ||
| 040 |
_aDLC _cDLC _dDLC |
||
| 050 | 0 | 0 |
_aBV 4407.63 _b.F85 1994 |
| 082 | 0 | 0 |
_aHS 261.8325 _bF85 1994 |
| 100 | 1 |
_aFuller, Millard, _d1935-2009. _910822 |
|
| 245 | 1 | 4 |
_aThe theology of the hammer / _cby Millard Fuller. |
| 260 |
_aMacon, Ga. : _bSmyth & Helwys, _cc1994. |
||
| 300 |
_a151 p. : _bill., maps ; _c23 cm. |
||
| 504 | _aIncludes bibliographical references. | ||
| 521 | _aThird year high school to fourth year high school students | ||
| 526 | _c1080L to 1310L | ||
| 541 | _j1 | ||
| 562 | _eFor circulation. One copy available in the collection | ||
| 610 | 2 | 0 |
_aHabitat for Humanity, inc. _910823 |
| 610 | 2 | 0 |
_aHabitat for Humanity International, Inc. _910824 |
| 650 | 0 |
_aChurch work with the poor _xSocieties, etc. _910825 |
|
| 650 | 0 |
_aHousing _xReligious aspects _xChristianity _xSocieties, etc. _910826 |
|
| 650 | 0 |
_aLow-income housing _xSocieties, etc. _910827 |
|
| 906 |
_a7 _bcbc _corignew _d1 _eocip _f19 _gy-gencatlg |
||
| 942 |
_2lcc _cBK _kHS |
||
| 999 |
_c8712 _d8712 |
||